00837nas a2200217Ia 4500001000400000008004100004022001300045041001400058245005500072260003000127310001200157541002400169590001200193591001000205592003300215362005500248942000700303952014600310952014600456999001700602128151030s9999 xx 000 0 und d a214560380 aEspañol10aVida nueva: Una palabra comprometida en la iglesia aColombia : Delfín Ltda. aMensual aVarioscCompradh0 aMensual aFALSO aMilton Acosta (Pablo Moreno)1 aNo. 27 (may. - jun., 2011) - No. 28 (jun.,2011)Ì cCR 001040708HEMaFUSBCbFUSBCd2012-07-13hAño 2011. Volumen 0. Numero 27l0o pR1919r2016-01-26 00:00:00t0w2016-01-26yCRD2011E0F27 001040708HEMaFUSBCbFUSBCd2013-07-03hAño 2011. Volumen 0. Numero 28l0o pR1920r2016-01-26 00:00:00t0w2016-01-26yCRD2011E0F28 c49440d49440